|
|
|
|
| LEADER |
00000nam a22000007a 4500 |
| 005 |
20180428222336.0 |
| 007 |
cr|||| |||| |
| 008 |
180428s2017 br |||||s|||| 00||0 por d |
| 020 |
|
|
|a 978-85-9597-004-5
|
| 035 |
|
|
|a 21530
|
| 040 |
|
|
|a vLex
|
| 090 |
|
|
|c 7833
|d 7833
|
| 100 |
1 |
|
|a de Castro Fontainha, Fernando
|
| 245 |
1 |
0 |
|a Histr̤ia Oral do Supremo [1988-2013]
|h [Recurso electrn̤ico] :
|b Ayres Britto /
|c Fernando de Castro Fontainha, Rafael Mafei Rabelo Queiroz, Fb̀io Ferraz de Almeida
|n Vol. 19
|
| 256 |
|
|
|a Servicio en ln̕ea
|
| 260 |
|
|
|a Rio de Janeiro:
|b FGV - Direito Rio,
|c 2017
|
| 300 |
|
|
|a 1 recurso electrn̤ico
|
| 490 |
|
0 |
|a FGV - Direito Rio. Coleȯ̂ Histr̤ia Oral do STF [1988-2013]
|
| 506 |
1 |
|
|a Disponible solo en los productos indicados
|d vLex Global
|d vLex Global (Academic Edition, excluding Law Schools)
|d vLex Global (U.S. Academic Edition, Law Schools)
|d vLex Global (U.S. Academic Edition, excluding Law Schools)
|d vLex Global (Academic Edition, Law Schools)
|
| 650 |
0 |
4 |
|a Derecho Civil
|z Brasil
|
| 650 |
0 |
4 |
|a Derecho Mercantil y de la Empresa
|z Brasil
|
| 650 |
0 |
4 |
|a Derecho Laboral y Seguridad Social
|z Brasil
|
| 650 |
0 |
4 |
|a Derecho Pb︢lico y Administrativo
|z Brasil
|
| 650 |
0 |
4 |
|a Derecho Constitucional
|z Brasil
|
| 700 |
1 |
|
|a Rabelo Queiroz, Rafael Mafei
|
| 700 |
1 |
|
|a Ferraz de Almeida, Fb̀io
|
| 740 |
0 |
|
|a vLex Libros (Servicio en ln̕ea)
|
| 856 |
4 |
0 |
|u http://vlex.com/source/historia-oral-do-supremo-1988-2013-ayres-britto-vol-19-21530
|z Acceso restringido
|
| 942 |
|
|
|c BOOK
|
| 999 |
0 |
|
|a Civil Law
|
| 999 |
0 |
|
|a Business and Company Law
|
| 999 |
0 |
|
|a Labor Law and Social Security
|
| 999 |
0 |
|
|a Public and Administrative Law
|
| 999 |
0 |
|
|a Constitutional Law
|